000 00456pab a2200169 454500
008 180718b2018 xxu||||| |||| 00| 0 eng d
100 _aGiovanni, Julian di
245 _aThe micro origins of international business-cycle comovement
260 _c2018
300 _ap.82-108.
362 _aJan
650 _aForeign commerce
700 _aMejean, Isabelle
700 _aLevchenko, Andrei A.
773 _aAmerican Economic Review
909 _a116930
999 _c116924
_d116924